Where to study in Malaysia
| Main Author: | |
|---|---|
| Format: | Book |
| Language: | English |
| Published: |
Kuala Lumpur
Ark Publ.
1990
|
| Series: | Ark Guides
|
| Subjects: |
| LEADER | 00525cam a2200193 a 4500 | ||
|---|---|---|---|
| 001 | 0000042987 | ||
| 005 | 20050721090000.0 | ||
| 040 | |a mod | ||
| 041 | |a eng | ||
| 020 | 0 | 0 | |a 9679918197 |
| 090 | 0 | 0 | |a 370.9595 |b KRI |c f |
| 100 | 1 | 0 | |a KRISHNAN |h K. |
| 245 | 1 | 0 | |a Where to study in Malaysia |c K. Krishnan |
| 260 | 0 | 0 | |a Kuala Lumpur |b Ark Publ. |c 1990 |
| 300 | 0 | 0 | |a 59p. |b ill. |c 28cm |
| 440 | 0 | 0 | |a Ark Guides |
| 650 | 0 | 0 | |a Education |z Malaysia |x Guidebooks |
| 852 | 0 | 0 | |a 01 |
| 999 | |a 0130273 |b KEMENTAH |d BOOKS |e Rujukan |f Perpustakaan KEMENTAH |j AVAILABLE |q OLD | ||